FF8 Gillionaire Quiz Stats

 Plays Quiz not verified by Sporcle

Also try: Video Game Memes
Challenge
Share
Tweet
Embed
Score 0/12 Timer 07:00
0 Plays Today
Hint Answer % Correct
????
100%
????
98.8%
????
97.1%
????
90.8%
????
88.1%
????
73.6%
????
60.7%
????
57.6%
????
46.7%
????
40.6%
????
35.9%
????
23.6%

You're not logged in!

Compare scores with friends on all Sporcle quizzes.
OR
Log In

You Might Also Like...

Show Comments

Extras

Top Quizzes Today


Score Distribution

Your Account Isn't Verified!

In order to create a playlist on Sporcle, you need to verify the email address you used during registration. Go to your Sporcle Settings to finish the process.

Report this User

Report this user for behavior that violates our Community Guidelines.

Details: